Update on the Financing of the Fund's Concessional Assistance and Debt Relief to Low-Income Member Countries.

New commitments under PRGT-supported programs are expected to increase to about SDR 2 billion in 2012, in part reflecting the large ECF commitment (SDR 0.6 billion) for Bangladesh approved in April. Commitments in the first eight months of 2012 amounted to SDR 1.4 billion and a further SDR 0.6 billi...

Ful tanımlama

Detaylı Bibliyografya
Müşterek Yazar: International Monetary Fund
Materyal Türü: Dergi
Dil:English
Baskı/Yayın Bilgisi: Washington, D.C. : International Monetary Fund, 2012.
Seri Bilgileri:Policy Papers; Policy Paper ; No. 2012/022
Online Erişim:Full text available on IMF
LEADER 01690cas a2200241 a 4500
001 AALejournalIMF020138
008 230101c9999 xx r poo 0 0eng d
020 |c 5.00 USD 
020 |z 9781498339810 
022 |a 2663-3493 
040 |a BD-DhAAL  |c BD-DhAAL 
110 2 |a International Monetary Fund. 
245 1 0 |a Update on the Financing of the Fund's Concessional Assistance and Debt Relief to Low-Income Member Countries. 
264 1 |a Washington, D.C. :  |b International Monetary Fund,  |c 2012. 
300 |a 1 online resource (28 pages) 
490 1 |a Policy Papers 
500 |a <strong>Off-Campus Access:</strong> No User ID or Password Required 
500 |a <strong>On-Campus Access:</strong> No User ID or Password Required 
506 |a Electronic access restricted to authorized BRAC University faculty, staff and students 
520 3 |a New commitments under PRGT-supported programs are expected to increase to about SDR 2 billion in 2012, in part reflecting the large ECF commitment (SDR 0.6 billion) for Bangladesh approved in April. Commitments in the first eight months of 2012 amounted to SDR 1.4 billion and a further SDR 0.6 billion is expected to be committed by year end. This compares to total commitments of SDR 1.2 billion in each of 2010 and 2011. If all elements of the 2009 financing package are secured, the PRGT will have an annual average lending capacity of SDR 2.2 billion remaining under this package for the period 2013-14. Additional. 
538 |a Mode of access: Internet 
830 0 |a Policy Papers; Policy Paper ;  |v No. 2012/022 
856 4 0 |z Full text available on IMF  |u http://elibrary.imf.org/view/journals/007/2012/022/007.2012.issue-022-en.xml  |z IMF e-Library